000 00603nam a2200205Ii 4500
003 JO-AjNU
008 230605s9999||||xx |||||||||||||| ||und||
040 _aJO-AjNU
_bara
_erda
_cJO-AjNU
041 _aara
050 1 4 _aHD37.1979
100 3 _aجلال،احمد فهمي,
_eauthor
_910732
245 0 0 _aمقدمة في بحوث العمليات والعلوم الادارية
250 _aط2
264 3 1 _aد.م:د.ن،1979
300 _a338ص
336 _atext
_btxt
_2rdacontent
337 _aunmediated
_bn
_2rdamedia
338 _avolume
_bnc
_2rdacarrier
650 4 _aالادارة
_910733
999 _aA1957
_c5525
_d5525